Dr. Márki Sándor [életrajz] /

Elmentve itt :
Bibliográfiai részletek
Szerző: Fetter Gyula
További közreműködők: Márki Sándor
Dokumentumtípus: Cikk
Megjelent: 1922
Sorozat:Uj [új] élet : politikai, társadalmi és kritikai hetilap 2 No. 37
Kulcsszavak:Történettudomány - magyar - 19-20. sz. - életrajz, Márki Sándor
Online Access:http://univ.bibl.u-szeged.hu/7625
LEADER 00718nab a2200193 i 4500
001 univ7625
005 20171214091530.0
008 170606s1922 hu o 0|| hun d
040 |a SZTE UnivHistória Repozitórium  |b hun 
041 |a hun 
100 1 |a Fetter Gyula 
245 1 0 |a Dr. Márki Sándor   |h [elektronikus dokumentum] :  |b [életrajz] /  |c  Fetter Gyula 
260 |c 1922 
300 |a 9-10 
490 0 |a Uj [új] élet : politikai, társadalmi és kritikai hetilap  |v 2 No. 37 
561 |a Egyetemi, hallgatói élet 
695 |a Történettudomány - magyar - 19-20. sz. - életrajz, Márki Sándor 
700 0 1 |a Márki Sándor 
856 4 0 |u http://univ.bibl.u-szeged.hu/7625/1/uj_elet_002_037_009-010.pdf  |z Dokumentum-elérés